000 02296nem0a2200337 4500
001 RU\NLR\BIBL_A\012548852
005 20250624063600.0
035 _a(NLR Aleph) 012548852
090 _a12423152
_c12423152
100 _a20210617d1899 |||y0rusy50 ca
101 0 _arus
102 _aRU
120 _abyy xx||
123 1 _aа
_b1680000
200 1 _aКарта Бэй-Шаня и Нань-Шаня
_bКарты
_fсоставлена по новейшим сведениям маршрутной съемки М. Е. Грум-Гржимайло, произведенной в 1889-90 г.
_gпод редакц. ген.-м. Большева
206 _a1:1 680 000, 40 верст в 1 дюйме (16,8 км в 1 см)
210 _a[Санкт-Петербург]
_cВоенно-топографический отдел Главного штаба
_d[1899]
215 _a1 к
_cцв.
_d60х65 см
300 _aИз изд.: Описание путешествия в Западный Китай / составлено Г. Е. Грум-Гржимайло - Т. 2. Поперек Бэй-шаня и Нань-шаня в долину Желтой реки. - С.-Петербург : издание Императорского Русского географического общества, 1899
509 0 1 _7ca
_aБэйшань,
_eКитай, зап. часть
_hнагорье,
_92638740
_3RU\NLR\AUTH\5507768
509 0 1 _7ca
_aНаньшань,
_eКитай, зап. часть
_hгорная система
_92638741
_3RU\NLR\AUTH\5507769
606 1 _aПутешествия русские
_jКарты
_z19 в.
_92268349
_3RU\NLR\AUTH\661359693
608 _aОбщегеографические карты мелкомасштабные
_92622600
_3RU\NLR\AUTH\661559160
702 1 _aБольшев
_bА. А.
_f1828-1904
_gАндрей Александрович
_4340
702 1 _aГрум-Гржимайло
_bМ. Е.
_d1861-1921
_fМихаил Ефимович
702 1 _aГрум-Гржимайло
_bГ. Е.
_f1860-1936
_gГригорий Ефимович
712 0 2 _aВоенно-топографический отдел Главного штаба
_cСанкт-Петербург
_4650
852 _aNLR
_bК
_j3-ЦАз 2/48
_m79681
942 _cMAP
980 _aNB